000 00288nam a2200109Ia 4500
008 200302s9999 xx 000 0 und d
100 _aRobert V. Huber
245 _aNew Complete Do-It-Yourself Manual
260 _bThe Reader's Difest Association Inc.,
260 _c1991
300 _a528 P.,
999 _c1651
_d1651